000
00328nam a22001457a 4500
008
231025b ||||| |||| 00| 0 eng d
020
_a
9780375422218
041
_a
eng
080
_a
521
082
_a
521BAR
100
_a
19
101
_a
ASTRO
245
_a
THE CONSTANTS FROM ALPHA TO OMEGA
_c
BARROW.D.J
942
_2
udc
_c
BK
999
_c
60461
_d
60461